[Event "European Senior Team Championship 2014"]
[Site "Sibenik"]
[Date "2014.04.01"]
[Round "1.9"]
[White "White, Alastair F"]
[Black "Kristiansen, Jens"]
[Result "0-1"]
[WhiteElo "2058"]
[BlackElo "2412"]
[PlyCount "120"]
[EventDate "2014.04.01"]

1. e4 c5 2. Nf3 d6 3. d4 cxd4 4. Nxd4 Nf6 5. Nc3 Nc6 6. f4 e5 7. Nxc6 bxc6 8.
Be2 Be7 9. fxe5 dxe5 10. Qxd8+ Bxd8 11. Be3 Bb6 12. Bxb6 axb6 13. a4 Ke7 14.
O-O Rd8 15. Rad1 Rd4 16. b3 Be6 17. Bf3 Rad8 18. h3 h6 19. Rfe1 Rxd1 20. Rxd1
Rd4 21. Kf2 c5 22. Ke3 Bd7 23. Ra1 Bc6 24. Ne2 Rd8 25. c4 Ne8 26. Nc3 Nc7 27.
Nd5+ Bxd5 28. cxd5 Ra8 29. Be2 Ra5 30. Rc1 Ne8 31. Bb5 Nd6 32. Bc6 Kd8 33. g4
f6 34. h4 Ra7 35. g5 hxg5 36. hxg5 fxg5 37. Rh1 Rf7 38. Rg1 Ke7 39. Rxg5 Kf6
40. Rg2 g5 41. Rf2+ Ke7 42. Rxf7+ Nxf7 43. Kf3 Nh6 44. Bb5 Nf7 45. Kg4 Kf6 46.
Bd3 Kg6 47. Bb5 Nd6 48. Bd3 Ne8 49. Bb5 Nf6+ 50. Kf3 Kf7 51. Bf1 Ke7 52. Bh3
Ne8 53. Be6 Nd6 54. Kg4 Kf6 55. Kf3 Nb7 56. Bg8 Ke7 57. Kg4 Kd6 58. Kxg5 Na5
59. Bf7 Nxb3 60. Bh5 c4 0-1

[Event "European Senior Team Championship 2014"]
[Site "Sibenik"]
[Date "2014.04.01"]
[Round "1.9"]
[White "Brinck-Claussen, Bjorn"]
[Black "Borwell, Alan P"]
[Result "1/2-1/2"]
[WhiteElo "2240"]
[BlackElo "2018"]
[PlyCount "61"]
[EventDate "2014.04.01"]

1. d4 Nf6 2. c4 e6 3. Nc3 Bb4 4. e3 b6 5. Nge2 Bb7 6. a3 Bxc3+ 7. Nxc3 O-O 8.
d5 d6 9. Be2 e5 10. Qc2 Nbd7 11. b4 a5 12. Rb1 Qe7 13. e4 axb4 14. axb4 Rfc8
15. O-O h6 16. Rd1 c6 17. f3 cxd5 18. cxd5 Ba6 19. Bxa6 Rxa6 20. Qd3 Rca8 21.
Nb5 Ne8 22. Be3 f5 23. exf5 Ndf6 24. Rbc1 e4 25. fxe4 Qxe4 26. Qxe4 Nxe4 27.
Bd4 Ra4 28. Nc7 Nxc7 29. Rxc7 Rxb4 30. h3 Ng3 31. Rxg7+ 1/2-1/2

[Event "European Senior Team Championship 2014"]
[Site "Sibenik"]
[Date "2014.04.01"]
[Round "1.9"]
[White "Mckerracher, Douglas"]
[Black "Sorensen, Bent"]
[Result "1/2-1/2"]
[WhiteElo "1987"]
[BlackElo "2262"]
[PlyCount "70"]
[EventDate "2014.04.01"]

1. e4 d5 2. exd5 Qxd5 3. Nc3 Qd6 4. d4 Nf6 5. Nf3 a6 6. h3 b5 7. Be2 Bb7 8. O-O
Nbd7 9. Be3 e6 10. Qd2 Be7 11. a3 O-O 12. Rad1 Rfd8 13. Bf4 Qb6 14. Qc1 Rac8
15. Ne5 b4 16. axb4 Qxb4 17. Bf3 Bxf3 18. Nxf3 Nb6 19. Bd2 Qd6 20. Bf4 Qc6 21.
Ne5 Qb7 22. b3 c5 23. dxc5 Bxc5 24. Rxd8+ Rxd8 25. Rd1 Rc8 26. Rd3 Bb4 27. Ne2
Nbd5 28. c4 Bd6 29. Bg3 Ne4 30. Qd1 Nxg3 31. Nxg3 Bxe5 32. cxd5 Bxg3 33. fxg3
exd5 34. Rxd5 h6 35. Qd3 g6 1/2-1/2

[Event "European Senior Team Championship 2014"]
[Site "Sibenik"]
[Date "2014.04.01"]
[Round "1.9"]
[White "Jorgensen, Jorgen"]
[Black "Marks, Ian A"]
[Result "1/2-1/2"]
[WhiteElo "2206"]
[BlackElo "1985"]
[PlyCount "68"]
[EventDate "2014.04.01"]

1. c4 e5 2. Nc3 Nf6 3. g3 Nc6 4. Bg2 Bb4 5. Nd5 Nxd5 6. cxd5 Ne7 7. Nf3 e4 8.
Nd4 Nxd5 9. Qb3 c6 10. Bxe4 Qb6 11. Bxd5 cxd5 12. Qe3+ Kf8 13. Nc2 Qxe3 14.
Nxe3 d4 15. Nd5 Bd6 16. d3 b6 17. Bf4 Bxf4 18. Nxf4 Bb7 19. O-O Rc8 20. Rfc1
Ke7 21. Rc4 Rxc4 22. dxc4 Rc8 23. b3 d5 24. cxd5 Rc2 25. Kf1 Kd6 26. Ke1 Bxd5
27. Kd1 Rc6 28. h4 Ke5 29. Nd3+ Kd6 30. Kd2 a5 31. Rd1 Be4 32. Ne1 h5 33. Nd3
Bxd3 34. Kxd3 Ke5 1/2-1/2

[Event "European Senior Team Championship 2014"]
[Site "Sibenik"]
[Date "2014.04.01"]
[Round "1.10"]
[White "Soylu, Suat"]
[Black "Niebuhr, Gerd"]
[Result "1-0"]
[WhiteElo "2407"]
[BlackElo "2036"]
[PlyCount "117"]
[EventDate "2014.04.01"]

1. e4 e5 2. Nf3 Nc6 3. Bb5 f5 4. d3 fxe4 5. dxe4 Nf6 6. O-O d6 7. Nc3 Be7 8.
Qd3 Bd7 9. Be3 a6 10. Bc4 Na5 11. Ng5 Nxc4 12. Qxc4 Rf8 13. h3 Qc8 14. f4 exf4
15. Bxf4 h6 16. Nf3 Be6 17. Qe2 Nh5 18. Bh2 Nf4 19. Qe3 Nxg2 20. Kxg2 Bxh3+ 21.
Kh1 Bxf1 22. Rxf1 Qh3 23. Qe2 O-O-O 24. Qg2 Qxg2+ 25. Kxg2 Bf6 26. Nd1 Rfe8 27.
Re1 Re7 28. c3 g5 29. Nf2 h5 30. Nd4 Be5 31. Nf5 Rf7 32. Bxe5 dxe5 33. Re2 Rfd7
34. Ne3 b5 35. Nf1 a5 36. Re3 Rf8 37. Nd3 Rdf7 38. Ng3 h4 39. Nf5 Re8 40. Kh3
Rh7 41. b4 axb4 42. cxb4 g4+ 43. Kxg4 h3 44. Re1 h2 45. Rh1 Rg8+ 46. Kf3 Rh3+
47. Ke2 Rg2+ 48. Nf2 Ra3 49. Kf1 Rg1+ 50. Rxg1 hxg1=Q+ 51. Kxg1 Rxa2 52. Kf1 c5
53. bxc5 b4 54. Nd3 b3 55. Nd6+ Kc7 56. Nc4 Ra4 57. Nd2 Kc6 58. Ke2 b2 59. Nxb2
1-0

[Event "European Senior Team Championship 2014"]
[Site "Sibenik"]
[Date "2014.04.01"]
[Round "1.10"]
[White "Juergens, Peter"]
[Black "Mollaoglu, Ergin"]
[Result "0-1"]
[WhiteElo "2035"]
[BlackElo "2354"]
[PlyCount "112"]
[EventDate "2014.04.01"]

1. d4 Nf6 2. Nf3 d5 3. Bf4 c5 4. e3 g6 5. c3 Nbd7 6. Be2 Bg7 7. O-O O-O 8. Nbd2
Nh5 9. Bg5 h6 10. Bh4 b6 11. Ne5 Nxe5 12. dxe5 Bxe5 13. Bxh5 gxh5 14. Qxh5 Bg7
15. Rad1 Be6 16. Nf3 Qe8 17. Bg3 f6 18. Qh4 Qg6 19. Qa4 Rfc8 20. Nh4 Qe8 21.
Qf4 Qf7 22. a3 Rd8 23. Rd2 Bd7 24. Nf5 Bxf5 25. Qxf5 e6 26. Qg4 f5 27. Qf3 c4
28. Rfd1 Bf6 29. Bf4 Kh7 30. h3 Rg8 31. Kh1 Rg7 32. Rg1 Rag8 33. Bh2 Rg5 34.
Qd1 Qg7 35. f3 Qg6 36. Qc2 Rh5 37. Re2 Be7 38. Rf1 Rf8 39. Be5 Bf6 40. Bxf6
Rxf6 41. f4 Qg3 42. Qd2 Rg6 43. Qe1 Qg4 44. Rf3 Rh4 45. Kh2 Qh5 46. Rd2 Rhg4
47. Qf1 Rg8 48. Qe1 R4g7 49. Rf1 Qf7 50. Qh4 Rg6 51. Rg1 Qg7 52. Qf2 Rg3 53.
Re2 h5 54. Qe1 h4 55. Rf2 Kh6 56. Qe2 Rxh3+ 0-1

[Event "European Senior Team Championship 2014"]
[Site "Sibenik"]
[Date "2014.04.01"]
[Round "1.10"]
[White "Dogantug, Ahmet Ismail"]
[Black "Hellwege, Werner"]
[Result "1-0"]
[WhiteElo "2149"]
[BlackElo "2006"]
[PlyCount "123"]
[EventDate "2014.04.01"]

1. e4 c5 2. c3 d5 3. exd5 Qxd5 4. d4 Nc6 5. Nf3 Bf5 6. Na3 cxd4 7. Bc4 Qe4+ 8.
Be3 e6 9. cxd4 Bxa3 10. bxa3 Nf6 11. O-O Qc2 12. Qxc2 Bxc2 13. Rfc1 Be4 14. Nd2
Bd5 15. Rab1 Na5 16. Bb5+ Nc6 17. Bc4 Na5 18. Bb5+ Nc6 19. Bf1 O-O 20. Rxb7
Nxd4 21. Rb2 Nf5 22. Bc5 Rfc8 23. Rbc2 g6 24. Ba6 Rc7 25. f3 h5 26. Bd3 Bb7 27.
Bxf5 exf5 28. Bd4 Rxc2 29. Rxc2 Nd5 30. Nb3 Bc8 31. Rc5 Be6 32. Ra5 a6 33. Nc5
Nc7 34. Be5 Rc8 35. Nxa6 Nxa6 36. Rxa6 Bxa2 37. Kf2 Kf8 38. Ra7 Ke8 39. Bc7 Kd7
40. Be5+ Kc6 41. a4 Kc5 42. a5 Bd5 43. Ke3 Ra8 44. Rc7+ Kb4 45. Bc3+ Kb5 46.
Kd4 Be6 47. Rc5+ Ka6 48. Rc6+ Kb7 49. Rb6+ Kc7 50. Kc5 Bc8 51. Be5+ Kd8 52.
Bf6+ Ke8 53. Rd6 Bb7 54. Kb6 Ba6 55. Rd2 Kf8 56. g3 Kg8 57. f4 Kh7 58. Rd8 Rxd8
59. Bxd8 Be2 60. a6 Bxa6 61. Kxa6 Kg7 62. Kb6 1-0

[Event "European Senior Team Championship 2014"]
[Site "Sibenik"]
[Date "2014.04.01"]
[Round "1.10"]
[White "Fritsch, Juergen"]
[Black "Muratoglu, Salih"]
[Result "0-1"]
[WhiteElo "1950"]
[BlackElo "2020"]
[PlyCount "78"]
[EventDate "2014.04.01"]

1. d4 d5 2. Nf3 Nc6 3. Bf4 Nf6 4. e3 e6 5. Nbd2 Nh5 6. Bg5 Be7 7. Bxe7 Qxe7 8.
Bb5 O-O 9. Bxc6 bxc6 10. Ne5 Qg5 11. O-O c5 12. f4 Qh4 13. Ndf3 Qe7 14. dxc5
Qxc5 15. Nd4 Nf6 16. c3 Qb6 17. Qc1 c5 18. Nb3 Rb8 19. Rb1 Ne4 20. Rf3 f6 21.
Ng4 e5 22. Nf2 Nxf2 23. Rxf2 Bf5 24. Nd2 Bxb1 25. Nxb1 c4 26. Qd2 Qc5 27. g3
exf4 28. Rxf4 Rfe8 29. Rd4 Re5 30. Na3 Rbe8 31. Nc2 a5 32. Kf2 Qb5 33. Qc1 Qd7
34. g4 f5 35. g5 Qd6 36. Qh1 Re4 37. Na3 f4 38. Nxc4 fxe3+ 39. Ke1 Qf4 0-1

[Event "European Senior Team Championship 2014"]
[Site "Sibenik"]
[Date "2014.04.01"]
[Round "1.11"]
[White "Habershon, Paul F"]
[Black "Westerinen, Heikki M.J"]
[Result "0-1"]
[WhiteElo "2069"]
[BlackElo "2293"]
[PlyCount "88"]
[EventDate "2014.04.01"]

1. e4 e6 2. d4 d5 3. Nc3 Bb4 4. Bd2 Nf6 5. e5 Bxc3 6. Bxc3 Ne4 7. Qg4 O-O 8.
Bd3 f5 9. exf6 Qxf6 10. Nf3 e5 11. Qh5 Nc6 12. dxe5 Qf4 13. Bd2 Qg4 14. Qxg4
Bxg4 15. Bxe4 dxe4 16. Ng5 Rae8 17. O-O Rxe5 18. Rfe1 Rfe8 19. f3 exf3 20. gxf3
Bf5 21. Bc3 Rxe1+ 22. Rxe1 Rxe1+ 23. Bxe1 h6 24. Ne4 Nd4 25. Kf2 Bxe4 26. fxe4
Nxc2 27. Bc3 c5 28. Kf3 Nd4+ 29. Kg4 Kf7 30. b4 Nb5 31. Be1 c4 32. a4 Nd6 33.
Kf3 Ke6 34. Ke3 a6 35. Kd4 b5 36. a5 g5 37. Bd2 Nb7 38. h3 Kd6 39. h4 gxh4 40.
Bxh6 Nd8 41. Bf4+ Ke6 42. Kc3 Nc6 43. Bh2 Ne5 44. Bf4 Nf3 0-1

[Event "European Senior Team Championship 2014"]
[Site "Sibenik"]
[Date "2014.04.01"]
[Round "1.11"]
[White "Kanko, Ilkka"]
[Black "Reuben, Stewart"]
[Result "1/2-1/2"]
[WhiteElo "2188"]
[BlackElo "2063"]
[PlyCount "39"]
[EventDate "2014.04.01"]

1. d4 Nf6 2. c4 e6 3. Nf3 c5 4. e3 b6 5. Nc3 Be7 6. Be2 Bb7 7. O-O d5 8. cxd5
Nxd5 9. Qa4+ Bc6 10. Bb5 Qd7 11. Bxc6 Qxc6 12. Qxc6+ Nxc6 13. Nxd5 exd5 14.
dxc5 bxc5 15. Bd2 O-O 16. Bc3 Rfd8 17. Rfd1 Rd7 18. Rd2 Rad8 19. Rad1 f6 20. b3
1/2-1/2

[Event "European Senior Team Championship 2014"]
[Site "Sibenik"]
[Date "2014.04.01"]
[Round "1.11"]
[White "Wood, Peter R"]
[Black "Hurme, Harri"]
[Result "0-1"]
[WhiteElo "1951"]
[BlackElo "2150"]
[PlyCount "94"]
[EventDate "2014.04.01"]

1. e4 e5 2. Bc4 Nf6 3. Nc3 c6 4. d3 d5 5. exd5 cxd5 6. Bb5+ Nc6 7. Nge2 Bd6 8.
Bg5 Be6 9. d4 O-O 10. O-O h6 11. Bh4 Qb6 12. Bxc6 bxc6 13. Qd2 Nd7 14. Na4 Qc7
15. Bg3 f6 16. b3 Rad8 17. Rac1 c5 18. c3 Rfe8 19. b4 cxb4 20. cxb4 Qb8 21. Nc5
Bf7 22. a3 Nb6 23. Qd3 Nc4 24. Rb1 Qc8 25. Rfe1 a5 26. Rb3 axb4 27. axb4 Qa8
28. Reb1 Qa2 29. Nc3 Qd2 30. Nb5 Qxd3 31. Rxd3 Bg6 32. Nxd6 Rxd6 33. Rdd1 Bxb1
34. Rxb1 Rb6 35. h3 exd4 36. Rd1 Rxb4 37. Rxd4 Re1+ 38. Kh2 Rbb1 39. Bf4 Red1
40. Rxd1 Rxd1 41. Kg3 g5 42. Bb8 Kf7 43. Kf3 Re1 44. Ba7 Ne5+ 45. Kg3 Ra1 46.
Bb6 f5 47. Nb3 Ra3 0-1

[Event "European Senior Team Championship 2014"]
[Site "Sibenik"]
[Date "2014.04.01"]
[Round "1.11"]
[White "Morant, Paul"]
[Black "Phillips, William"]
[Result "1-0"]
[WhiteElo "2149"]
[BlackElo "1939"]
[PlyCount "71"]
[EventDate "2014.04.01"]

1. e4 e5 2. f4 exf4 3. Nf3 g5 4. h4 g4 5. Ne5 Nf6 6. Bc4 d5 7. exd5 Bd6 8. d4
O-O 9. Bxf4 Nh5 10. g3 Nxf4 11. gxf4 h5 12. Qd3 f5 13. Nd2 Nd7 14. Nf1 Nb6 15.
Bb3 Kg7 16. O-O-O a5 17. a3 Qe7 18. Kb1 a4 19. Ba2 Rf6 20. Ng3 Kh6 21. Rhe1 Qf8
22. c4 Be7 23. Qe2 Bxa3 24. bxa3 Qxa3 25. Qd3 Qb4+ 26. Ka1 a3 27. Rb1 Qf8 28.
Rb3 Na4 29. Re3 Nb2 30. Qd2 Rb6 31. c5 Rxb3 32. Rxb3 Qf6 33. d6 cxd6 34. cxd6
Be6 35. d5 Bg8 36. Qd4 1-0

[Event "European Senior Team Championship 2014"]
[Site "Sibenik"]
[Date "2014.04.01"]
[Round "1.12"]
[White "Opl, Klaus"]
[Black "Vinke, Dietmar"]
[Result "1/2-1/2"]
[WhiteElo "2283"]
[BlackElo "2173"]
[PlyCount "44"]
[EventDate "2014.04.01"]

1. e4 c6 2. d4 d5 3. exd5 cxd5 4. c4 Nf6 5. Nc3 g6 6. Qb3 Bg7 7. cxd5 O-O 8.
Be2 Nbd7 9. Bf3 Nb6 10. Nge2 Bf5 11. O-O Bd3 12. d6 exd6 13. Bxb7 Rb8 14. Bf3
Re8 15. Qd1 Ba6 16. Re1 Bb7 17. Bxb7 Rxb7 18. Bd2 Rbe7 19. Qb3 Qc8 20. Ng3 Nc4
21. Rxe7 Rxe7 22. Bg5 Rb7 1/2-1/2

[Event "European Senior Team Championship 2014"]
[Site "Sibenik"]
[Date "2014.04.01"]
[Round "1.12"]
[White "Mottonen, Ari"]
[Black "Titz, Heimo"]
[Result "0-1"]
[WhiteElo "1996"]
[BlackElo "2151"]
[PlyCount "80"]
[EventDate "2014.04.01"]

1. d4 Nf6 2. c4 e6 3. Nc3 Bb4 4. f3 c5 5. d5 d6 6. Bg5 Bxc3+ 7. bxc3 e5 8. e3
Nbd7 9. Nh3 Nf8 10. Nf2 h6 11. Bxf6 Qxf6 12. Bd3 Nd7 13. O-O O-O 14. f4 exf4
15. Ne4 Qe7 16. exf4 Nf6 17. Qf3 Nxe4 18. Bxe4 Bg4 19. Qd3 Rae8 20. Rae1 Qf6
21. Qd2 Re7 22. h3 Rfe8 23. Bd3 Bd7 24. Rxe7 Qxe7 25. Rf2 Qe1+ 26. Qxe1 Rxe1+
27. Rf1 Re3 28. Rd1 Ba4 29. Rd2 Re1+ 30. Kf2 Rc1 31. g4 Rxc3 32. g5 hxg5 33.
fxg5 Bd7 34. h4 g6 35. Bf1 Bf5 36. Rb2 b6 37. Rd2 Kf8 38. Rb2 Bd3 39. Bxd3 Rxd3
40. Rc2 Rh3 0-1

[Event "European Senior Team Championship 2014"]
[Site "Sibenik"]
[Date "2014.04.01"]
[Round "1.12"]
[White "Singer, Hans"]
[Black "Auvinen, Esa"]
[Result "1-0"]
[WhiteElo "2166"]
[BlackElo "1988"]
[PlyCount "89"]
[EventDate "2014.04.01"]

1. Nf3 d5 2. d4 Nf6 3. c4 e6 4. Bg5 Be7 5. Nc3 O-O 6. e3 a6 7. c5 b6 8. cxb6
cxb6 9. Bd3 Bb7 10. O-O Nbd7 11. a4 Ne4 12. Bxe7 Qxe7 13. Bxe4 dxe4 14. Nd2 f5
15. Qb3 Rab8 16. Rac1 Rfc8 17. Nc4 Bd5 18. Nxd5 exd5 19. Nd2 Qd6 20. Rc3 Rc6
21. Rfc1 Rbc8 22. g3 Nb8 23. Kg2 Rxc3 24. bxc3 Nd7 25. c4 Kf7 26. Rb1 Ke6 27.
a5 Rc6 28. Qa4 dxc4 29. axb6 Nxb6 30. Rxb6 Rxb6 31. Nxc4 Qb4 32. Qe8+ Kd5 33.
Nxb6+ Qxb6 34. Qe5+ Kc4 35. Qxf5 Qc6 36. Qa5 Qf6 37. Kf1 Qf3 38. Qxa6+ Kc3 39.
Kg1 Qd1+ 40. Qf1 Qd3 41. Qc1+ Kb3 42. Kg2 g5 43. h3 h5 44. Qc5 g4 45. Qxh5 1-0

[Event "European Senior Team Championship 2014"]
[Site "Sibenik"]
[Date "2014.04.01"]
[Round "1.12"]
[White "Laitinen, Martti"]
[Black "Strobel, Ferdinand"]
[Result "1/2-1/2"]
[WhiteElo "1770"]
[BlackElo "2100"]
[PlyCount "98"]
[EventDate "2014.04.01"]

1. d4 f5 2. Bg5 g6 3. c3 Bg7 4. Nf3 d6 5. e3 Be6 6. Nbd2 Nf6 7. Bxf6 Bxf6 8. h4
c6 9. Ng5 Bg8 10. e4 e6 11. exf5 exf5 12. Qe2+ Kd7 13. Ngf3 Bxa2 14. O-O-O Bf7
15. Nc4 Kc7 16. Qc2 Nd7 17. Bd3 Nb6 18. Ne3 Qd7 19. Ng5 Bxg5 20. hxg5 Qe7 21.
Qd2 Bb3 22. Rde1 Qf7 23. f4 Be6 24. Rh4 Rae8 25. Reh1 Re7 26. g4 fxg4 27. Nxg4
Bxg4 28. Rxg4 Nd5 29. f5 gxf5 30. Rgh4 Ne3 31. Rh6 Qg7 32. g6 Kb6 33. b4 Nd5
34. Qg5 Nxc3 35. Rxh7 Rxh7 36. Rxh7 Re1+ 37. Kc2 Qg8 38. Kxc3 a5 39. bxa5+ Ka7
40. Qd2 Qd5 41. Qb2 Qxa5+ 42. Qb4 Qa1+ 43. Kb3 Rb1+ 44. Bxb1 Qxb1+ 45. Kc3 Qe1+
46. Kc4 Qf1+ 47. Kb3 Qb1+ 48. Ka4 Qa2+ 49. Qa3 Qc4+ 1/2-1/2

[Event "European Senior Team Championship 2014"]
[Site "Sibenik"]
[Date "2014.04.01"]
[Round "1.13"]
[White "Grahn, Lars"]
[Black "Rooze, Jan"]
[Result "1/2-1/2"]
[WhiteElo "2000"]
[BlackElo "2348"]
[PlyCount "83"]
[EventDate "2014.04.01"]

1. d4 Nf6 2. c4 c5 3. d5 e6 4. Nc3 exd5 5. cxd5 d6 6. Nf3 g6 7. g3 Bg7 8. Bg2
O-O 9. O-O a6 10. a4 Nbd7 11. Bf4 Qe7 12. h3 Rb8 13. a5 b5 14. axb6 Nxb6 15. e4
Nfd7 16. Bg5 Bf6 17. Bxf6 Qxf6 18. Qc2 Nc4 19. b3 Nce5 20. Nd2 Nb6 21. f4 Ned7
22. Rae1 Qg7 23. g4 a5 24. Rf2 Ba6 25. Bf1 Bxf1 26. Kxf1 Rfc8 27. Qd3 a4 28.
bxa4 c4 29. Qc2 Nc5 30. a5 Nd3 31. axb6 Nxe1 32. Kxe1 Rxb6 33. Ndb1 Rb3 34. Kf1
Rcb8 35. Kg2 Qd4 36. Qd2 Qa7 37. e5 Qe7 38. Re2 Rxb1 39. Nxb1 Rxb1 40. Qc2 Qb7
41. exd6 Qxd5+ 42. Qe4 1/2-1/2

[Event "European Senior Team Championship 2014"]
[Site "Sibenik"]
[Date "2014.04.01"]
[Round "1.13"]
[White "Geenen, Marc"]
[Black "Nordenstrom, Sven"]
[Result "1-0"]
[WhiteElo "2240"]
[BlackElo "1993"]
[PlyCount "41"]
[EventDate "2014.04.01"]

1. e4 c5 2. Nf3 d6 3. d4 cxd4 4. Nxd4 Nf6 5. Nc3 a6 6. Bg5 e6 7. f4 Be7 8. Qf3
Qc7 9. O-O-O Nc6 10. Nxc6 Qxc6 11. Be2 Ra7 12. Qg3 h6 13. Bh4 O-O 14. e5 dxe5
15. fxe5 Nd5 16. Nxd5 Bxh4 17. Nf6+ Bxf6 18. exf6 g5 19. Qh3 Qe4 20. Qxh6 Qg6
21. Qxf8+ 1-0

[Event "European Senior Team Championship 2014"]
[Site "Sibenik"]
[Date "2014.04.01"]
[Round "1.13"]
[White "Sandklef, Ake"]
[Black "Bolzoni, Victor-Angel"]
[Result "0-1"]
[WhiteElo "1948"]
[BlackElo "2207"]
[PlyCount "88"]
[EventDate "2014.04.01"]

1. d4 Nf6 2. c4 g6 3. Nc3 d5 4. cxd5 Nxd5 5. e4 Nxc3 6. bxc3 Bg7 7. Bc4 c5 8.
Be3 Qa5 9. Ne2 cxd4 10. Bxd4 O-O 11. Bxg7 Kxg7 12. O-O Nc6 13. Qb3 Qc7 14. Bd3
Ne5 15. Nf4 Nxd3 16. Nxd3 Be6 17. Qb2 Bc4 18. Rfd1 Rfd8 19. Nb4 e6 20. Rd4 a5
21. Nc2 e5 22. Rxd8 Rxd8 23. Ne3 Bd3 24. f3 Qc5 25. Qd2 Bxe4 26. Qxd8 Qxe3+ 27.
Kh1 Qxc3 28. Qd1 Bc6 29. Rc1 Qa3 30. Qd2 h5 31. h3 e4 32. Qd4+ Kh7 33. Rc3 Qxa2
34. fxe4 Qb1+ 35. Kh2 Qxe4 36. Qf2 Qe5+ 37. Rg3 h4 38. Qxf7+ Qg7 39. Qxg7+ Kxg7
40. Rg4 a4 41. Rxh4 a3 42. Rd4 a2 43. Rd1 b5 44. Kg1 b4 0-1

[Event "European Senior Team Championship 2014"]
[Site "Sibenik"]
[Date "2014.04.01"]
[Round "1.13"]
[White "Schrickx, Frank"]
[Black "Mossiaguine, Arina"]
[Result "1-0"]
[WhiteElo "1889"]
[BlackElo "1359"]
[PlyCount "80"]
[EventDate "2014.04.01"]

1. e4 e6 2. d4 d5 3. Nd2 c5 4. dxc5 Bxc5 5. Nb3 Qb6 6. Nxc5 Qxc5 7. exd5 Qxd5
8. Qxd5 exd5 9. Nf3 f6 10. Bf4 Ne7 11. Bb5+ Bd7 12. Bxd7+ Nxd7 13. O-O O-O 14.
Bd6 Rfe8 15. Rfd1 Nb6 16. Nd4 Nc6 17. Kf1 Nc4 18. Ba3 Nxa3 19. bxa3 a6 20. Nb3
Rad8 21. Rd2 b6 22. Rad1 Re5 23. c4 Ne7 24. f4 Re4 25. cxd5 Rxf4+ 26. Kg1 Rf5
27. d6 Nc6 28. Rc2 Nb8 29. Rc7 Nd7 30. Rb7 Kf7 31. h3 Ke6 32. Nd4+ Ke5 33. Nxf5
Kxf5 34. Kf2 Ke5 35. Kf3 h5 36. h4 g6 37. g4 hxg4+ 38. Kxg4 Ke6 39. Kg3 Rc8 40.
Re1+ Kxd6 1-0

[Event "European Senior Team Championship 2014"]
[Site "Sibenik"]
[Date "2014.04.01"]
[Round "1.14"]
[White "Stebbings, Anthony J"]
[Black "Kauko, Pekka"]
[Result "1-0"]
[WhiteElo "2302"]
[BlackElo "2013"]
[PlyCount "73"]
[EventDate "2014.04.01"]

1. e4 g6 2. d4 Bg7 3. Nc3 d6 4. Nge2 Nf6 5. g3 Nc6 6. h3 O-O 7. Bg2 e5 8. Be3
Re8 9. O-O b6 10. f4 Ba6 11. d5 Nd4 12. f5 h6 13. Rf2 Nxe2+ 14. Nxe2 Rc8 15.
Qd2 g5 16. Nc3 Kh7 17. Bf1 Bb7 18. Bb5 Rh8 19. Qd3 Nh5 20. Qe2 Nf6 21. Rh2 Rg8
22. Rd1 Bf8 23. g4 c6 24. dxc6 Bxc6 25. Bxc6 Rxc6 26. Qd3 Qc8 27. Nd5 Nxd5 28.
Qxd5 Qc7 29. c3 Bg7 30. h4 Bf6 31. hxg5 Bxg5 32. Kf2 Bxe3+ 33. Kxe3 Qe7 34.
Qxc6 Qg5+ 35. Kd3 d5 36. Rdh1 dxe4+ 37. Kc2 1-0

[Event "European Senior Team Championship 2014"]
[Site "Sibenik"]
[Date "2014.04.01"]
[Round "1.14"]
[White "Alkkiomaki, Jyrki"]
[Black "Quinn, John M"]
[Result "0-1"]
[WhiteElo "1957"]
[BlackElo "2135"]
[PlyCount "58"]
[EventDate "2014.04.01"]

1. e4 c5 2. Nf3 e6 3. d4 cxd4 4. Nxd4 Nc6 5. Nxc6 bxc6 6. Bd3 Nf6 7. O-O d5 8.
e5 Nd7 9. Re1 Nc5 10. Bf1 Qb6 11. Nd2 Ba6 12. c4 Rd8 13. Qc2 Be7 14. a3 dxc4
15. Nxc4 Qb3 16. Qc3 Qxc3 17. bxc3 Nd3 18. Re4 Nxc1 19. Rxc1 O-O 20. a4 Bc5 21.
Ne3 Bxf1 22. Kxf1 Rd2 23. Nd1 Rfd8 24. Ke1 Ra2 25. Rc4 Rd5 26. Re4 g6 27. g3
Rdd2 28. Rb1 Bxf2+ 29. Kf1 Bb6 0-1

[Event "European Senior Team Championship 2014"]
[Site "Sibenik"]
[Date "2014.04.01"]
[Round "1.14"]
[White "Scholes, James E"]
[Black "Rantanen, Veikko"]
[Result "1/2-1/2"]
[WhiteElo "2103"]
[BlackElo "1927"]
[PlyCount "74"]
[EventDate "2014.04.01"]

1. c4 Nf6 2. Nc3 d5 3. cxd5 Nxd5 4. g3 g6 5. Bg2 Nb6 6. d3 Bg7 7. Nf3 N8d7 8.
O-O O-O 9. e4 c6 10. a4 a5 11. Be3 Nf6 12. h3 Re8 13. Qb3 Nbd7 14. Ng5 e6 15.
d4 h6 16. Nf3 Qb6 17. Qc2 Qb4 18. Rfd1 b6 19. b3 Bb7 20. Ne1 Rac8 21. Nd3 Qe7
22. Qd2 Kh7 23. e5 Nd5 24. Ne4 Rc7 25. Nd6 Rf8 26. Rac1 Ba8 27. f4 c5 28. dxc5
Nxe3 29. Qxe3 Bxg2 30. Kxg2 bxc5 31. Nxc5 Nb6 32. Nxe6 Qxe6 33. Qxb6 Rxc1 34.
Rxc1 Qd5+ 35. Kg1 Qd3 36. Qf2 Qxb3 37. Rc2 Qxa4 1/2-1/2

[Event "European Senior Team Championship 2014"]
[Site "Sibenik"]
[Date "2014.04.01"]
[Round "1.14"]
[White "Ranki, Martti"]
[Black "Bowmer, Kevin"]
[Result "1/2-1/2"]
[WhiteElo "1918"]
[BlackElo "2083"]
[PlyCount "67"]
[EventDate "2014.04.01"]

1. e4 c5 2. Nf3 Nc6 3. d4 cxd4 4. Nxd4 g6 5. Bc4 Bg7 6. Nxc6 bxc6 7. O-O d6 8.
Qf3 Nf6 9. e5 dxe5 10. Qxc6+ Bd7 11. Qf3 O-O 12. Nc3 Qc7 13. Bb3 Bc6 14. Qg3
Rad8 15. Be3 Nh5 16. Qg4 Nf4 17. f3 e6 18. Qg3 Nd5 19. Nxd5 exd5 20. c3 a5 21.
Qf2 d4 22. cxd4 exd4 23. Bg5 Rd7 24. Rac1 Qb7 25. Qc2 Bb5 26. Rfd1 a4 27. Bc4
Rc7 28. b3 Bxc4 29. bxc4 Qa6 30. Re1 Rfc8 31. Qd3 h6 32. Bf4 Rxc4 33. Rcd1 Qc6
34. Be5 1/2-1/2

[Event "European Senior Team Championship 2014"]
[Site "Sibenik"]
[Date "2014.04.01"]
[Round "1.15"]
[White "Fernengel, Rudolf"]
[Black "Jamieson, Peter M"]
[Result "0-1"]
[WhiteElo "1786"]
[BlackElo "2251"]
[PlyCount "48"]
[EventDate "2014.04.01"]

1. d4 Nf6 2. Nf3 g6 3. Nbd2 d5 4. g3 Bg7 5. Bg2 O-O 6. O-O h6 7. c3 Nbd7 8. Re1
c5 9. e3 Qc7 10. Nb3 b6 11. dxc5 bxc5 12. Nbd2 Bb7 13. c4 e6 14. Qc2 Ne4 15.
Nxe4 dxe4 16. Nd2 f5 17. f4 exf3 18. Nxf3 Be4 19. Qf2 Rab8 20. Nh4 Ne5 21. Bxe4
fxe4 22. Qc2 g5 23. Ng2 Nf3+ 24. Kf2 Nd4+ 0-1

[Event "European Senior Team Championship 2014"]
[Site "Sibenik"]
[Date "2014.04.01"]
[Round "1.15"]
[White "Giulian, Philip M"]
[Black "Mai, Hartmut"]
[Result "1-0"]
[WhiteElo "2193"]
[BlackElo "1944"]
[PlyCount "75"]
[EventDate "2014.04.01"]

1. d4 d5 2. c4 e6 3. Nc3 Nf6 4. Nf3 Be7 5. Bf4 c6 6. e3 O-O 7. Qc2 Nbd7 8. cxd5
exd5 9. O-O-O b6 10. Bd3 Bb7 11. g4 g6 12. Rhg1 c5 13. Kb1 Rc8 14. Qe2 Re8 15.
Bb5 a6 16. Bxd7 Qxd7 17. Ne5 Qe6 18. Qf3 Ne4 19. Ne2 f6 20. Nd3 c4 21. Ndc1 c3
22. Nxc3 Rxc3 23. bxc3 Nxc3+ 24. Ka1 Nxd1 25. Qxd1 Qc6 26. Qb3 Rc8 27. Ne2 Qc2
28. Qxb6 Qxe2 29. Qxb7 Rc2 30. Qxd5+ Kg7 31. Qe6 Bf8 32. Rb1 Qc4 33. Rb7+ Kh8
34. Qxc4 Rxc4 35. Kb2 a5 36. g5 Bb4 37. gxf6 Kg8 38. Bh6 1-0

[Event "European Senior Team Championship 2014"]
[Site "Sibenik"]
[Date "2014.04.01"]
[Round "1.15"]
[White "Baumgarten, Werner"]
[Black "Robertson, Ian C"]
[Result "1/2-1/2"]
[WhiteElo "1932"]
[BlackElo "2161"]
[PlyCount "29"]
[EventDate "2014.04.01"]

1. d4 d5 2. Nf3 Nf6 3. Bf4 e6 4. e3 Bd6 5. Bg5 Nbd7 6. c4 c6 7. Nbd2 O-O 8. a3
Re8 9. Be2 e5 10. dxe5 Nxe5 11. O-O Ng6 12. cxd5 cxd5 13. Qa4 Be6 14. Bb5 Rf8
15. Bd3 1/2-1/2